000
00452nam a2200169Ia 4500
008
090711s9999 xx 000 0 und d
082
_b
46999
100
_a
भागवत यशवंत
245
_a
मध्यस्त
260
_c
1981
300
_a
203
600
_a
भागवत यशवंत
630
_a
मध्यस्त
700
_a
भागवत यशवंत
730
_a
मध्यस्त
942
_c
BOOK
999
_c
287959
_d
287959